Surveying the Greek chora (Record no. 234890)
[ view plain ]
| 000 -LEADER | |
|---|---|
| fixed length control field | 01491nam a2200337Ia 4500 |
| 245 00 - TITLE STATEMENT | |
| Title | Surveying the Greek chora |
| 260 ## - PUBLICATION, DISTRIBUTION, ETC. (IMPRINT) | |
| Place of publication | Aarhus ; |
| -- | Oakville, CT : |
| Name of publisher | Aarhus University Press, |
| Year of publication | 2006. |
| 300 ## - PHYSICAL DESCRIPTION | |
| Number of Pages | 346 p. : |
| Other physical details | ill., maps. |
| 490 1# - SERIES STATEMENT | |
| Series statement | Black Sea studies ; |
| 500 ## - GENERAL NOTE | |
| General note | Papers from a conference held August-September 2003, Danish National Research Foundation Centre for Black Sea Studies. |
| 650 #0 - SUBJECT ADDED ENTRY--TOPICAL TERM | |
| Topical Term | Greeks |
| Topical Term | Landscape archaeology |
| 700 1# - ADDED ENTRY--PERSONAL NAME | |
| Personal name | Bilde, Pia Guldager. |
| Personal name | Stolba, Vladimir F. |
| 856 40 - ELECTRONIC LOCATION AND ACCESS | |
| Uniform Resource Identifier | http://site.ebrary.com/lib/rucke/Doc?id=10436046 |
No items available.
